[Event "Kent Oliver mem"]
[Site "Winnipeg CAN"]
[Date "2006.01.22"]
[Round "5"]
[White "Green, Aaron"]
[Black "Bist, Kent"]
[Result "0-1"]
[WhiteElo "1315"]
[BlackElo "1540"]
[PlyCount "58"]
[EventDate "2006.01.20"]
[EventType "swiss"]
[EventRounds "5"]
[EventCountry "CAN"]

1. e4 c5 2. Nf3 Nc6 3. d4 cxd4 4. Nxd4 a6 5. Nc3 d6 6. Be3 g6 7. f3 Bg7 8. Qd2
Nxd4 9. Bxd4 Nf6 10. O-O-O O-O 11. Bc4 b5 12. Bb3 Bb7 13. h4 h5 14. Be3 Kh7 15.
Rdg1 Qd7 16. Bd5 b4 17. Ne2 Bxd5 18. exd5 Qa4 19. Kb1 Rac8 20. Nf4 Rc7 21. Bb6
Rb7 22. Be3 Rb5 23. b3 Qa5 24. Rd1 Rc8 25. Rhg1 Nd7 26. g4 Bc3 27. Qd3 Qxa2+
28. Kxa2 Ra5+ 29. Kb1 Ra1# 0-1

[Event "Kent Oliver mem"]
[Site "Winnipeg CAN"]
[Date "2006.01.22"]
[Round "5"]
[White "Green, Jim"]
[Black "Nikouline, Alexandre"]
[Result "0-1"]
[WhiteElo "1736"]
[BlackElo "1947"]
[PlyCount "82"]
[EventDate "2006.01.20"]
[EventType "swiss"]
[EventRounds "5"]
[EventCountry "CAN"]

1. e4 c5 2. Nf3 e6 3. b3 b6 4. c4 d6 5. Bb2 Bb7 6. Nc3 Nd7 7. g3 Ngf6 8. Qe2
Be7 9. Bg2 a6 10. O-O O-O 11. Ne1 Qc7 12. f4 h6 13. Nf3 Rac8 14. Rad1 b5 15. e5
Bxf3 16. Bxf3 dxe5 17. fxe5 Nxe5 18. cxb5 c4 19. bxa6 Qb6+ 20. Kh1 Nd3 21. Ba1
Qxa6 22. Na4 Rfd8 23. Qg2 cxb3 24. axb3 Qa7 25. Bc3 Nd5 26. Ra1 Qb8 27. Ba5 Rd6
28. Bxd5 exd5 29. Nb6 Rxb6 30. Bxb6 Qxb6 31. Qxd5 Qc6 32. Qxc6 Rxc6 33. Ra8+
Bf8 34. Rb8 Rc2 35. Ra1 Ne5 36. Raa8 Ng6 37. d4 f6 38. d5 Rd2 39. Rd8 Kh7 40.
Ra7 Ne5 41. Rxf8 Nf3 0-1

[Event "Kent Oliver mem"]
[Site "Winnipeg CAN"]
[Date "2006.01.22"]
[Round "5"]
[White "McTavish, David"]
[Black "Rutter, Blair"]
[Result "1/2-1/2"]
[WhiteElo "2173"]
[BlackElo "1821"]
[PlyCount "77"]
[EventDate "2006.01.20"]
[EventType "swiss"]
[EventRounds "5"]
[EventCountry "CAN"]

1. e4 e6 2. d4 d5 3. Nd2 Nf6 4. e5 Nfd7 5. Bd3 c5 6. c3 Nc6 7. Ne2 cxd4 8. cxd4
Bb4 9. O-O Qb6 10. Nf3 Nf8 11. a3 Be7 12. b4 Bd7 13. Bb2 Ng6 14. Qd2 O-O 15.
Nf4 Nxf4 16. Qxf4 f6 17. exf6 Bxf6 18. Qe3 Rae8 19. Rfe1 Rf7 20. Re2 a6 21.
Rae1 Ref8 22. Bb1 g6 23. Bd3 Qd8 24. Bc2 Bg7 25. Ng5 Re7 26. Nf3 Ref7 27. Bc3
Rxf3 28. gxf3 Qh4 29. f4 Rxf4 30. Kh1 Bxd4 31. Qg3 Bxc3 32. Qxc3 Nd4 33. Re3
Qxf2 34. Bd1 Bc6 35. a4 Nf5 36. R3e2 Qxe2 37. Bxe2 d4+ 38. Qxc6 bxc6 39. Bxa6
1/2-1/2

[Event "Kent Oliver mem"]
[Site "Winnipeg CAN"]
[Date "2006.01.22"]
[Round "5"]
[White "Oberton, Daniel"]
[Black "Kohalmi, Andy"]
[Result "1-0"]
[WhiteElo "1752"]
[BlackElo "1723"]
[PlyCount "41"]
[EventDate "2006.01.20"]
[EventType "swiss"]
[EventRounds "5"]
[EventCountry "CAN"]

1. e4 d5 2. exd5 Qxd5 3. Nc3 Qa5 4. d4 Nf6 5. Nf3 Bg4 6. Bc4 Ne4 7. Qd3 Nxc3 8.
bxc3 Bf5 9. Qd2 e6 10. O-O Nd7 11. Bd3 Bd6 12. Bxf5 Qxf5 13. Rb1 Nb6 14. Qd3
Qxd3 15. cxd3 Rb8 16. Be3 Nd5 17. Bd2 c5 18. c4 Nb4 19. dxc5 Bxc5 20. Bxb4 Bxb4
21. Rxb4 1-0

[Event "Kent Oliver mem"]
[Site "Winnipeg CAN"]
[Date "2006.01.22"]
[Round "5"]
[White "Tang, Edward"]
[Black "Curtis, Rory"]
[Result "1-0"]
[WhiteElo "1994"]
[BlackElo "1676"]
[PlyCount "103"]
[EventDate "2006.01.20"]
[EventType "swiss"]
[EventRounds "5"]
[EventCountry "CAN"]

1. d4 d5 2. c4 c6 3. Nc3 Nf6 4. Nf3 dxc4 5. a4 Bf5 6. e3 e6 7. Bxc4 Be7 8. O-O
O-O 9. Nh4 Bg4 10. f3 Bh5 11. g4 Ne8 12. Ng2 Bg6 13. e4 h6 14. Be3 Nd7 15. Nf4
Bg5 16. h4 Bxf4 17. Bxf4 Qxh4 18. Kg2 Qf6 19. Qd2 e5 20. dxe5 Nxe5 21. Be2 Nd6
22. b3 Rad8 23. Qe3 Rd7 24. Bg3 Bh7 25. f4 Ng6 26. e5 Nxe5 27. fxe5 Qe7 28. Bf4
Nc8 29. Rad1 Rfd8 30. Rxd7 Rxd7 31. Rd1 Rxd1 32. Nxd1 Qb4 33. Qd2 Be4+ 34. Kf1
Qxd2 35. Bxd2 Kf8 36. Nc3 Bc2 37. Bd1 Bxd1 38. Nxd1 Ke7 39. Ne3 f6 40. Nf5+ Kf7
41. Nd6+ Nxd6 42. exd6 Ke6 43. Bf4 g6 44. Ke2 h5 45. gxh5 gxh5 46. b4 a5 47.
bxa5 c5 48. Kd3 h4 49. Kc4 h3 50. Kxc5 Kf5 51. Bh2 Kg4 52. d7 1-0

[Event "Khalif"]
[Site "Charlesbourg CAN"]
[Date "2006.02.27"]
[Round "1"]
[White "Bourassa, Samuel"]
[Black "Tremblay, Rejean"]
[Result "0-1"]
[WhiteElo "1700"]
[BlackElo "2279"]
[PlyCount "60"]
[EventDate "2006.02.27"]
[EventType "swiss"]
[EventRounds "5"]
[EventCountry "CAN"]

1. e4 c5 2. Nf3 d6 3. d4 cxd4 4. Nxd4 Nf6 5. Nc3 a6 6. a4 e5 7. Nb3 Be6 8. Be2
Be7 9. Be3 Nbd7 10. f3 Qc7 11. Qd2 Nb6 12. O-O-O Nxa4 13. Nxa4 Bxb3 14. Nb6 Rd8
15. Kb1 Be6 16. c4 O-O 17. g4 Rb8 18. h4 Rfd8 19. h5 Bf8 20. Bd3 Nd7 21. Nd5
Qc6 22. g5 Nc5 23. Bc2 b5 24. f4 bxc4 25. f5 Bxd5 26. exd5 Qb5 27. Qc3 Na4 28.
Bxa4 Qxa4 29. f6 Rb3 30. Qe1 Rxb2+ 0-1

[Event "LEO-ch A"]
[Site "Gatineau CAN"]
[Date "2006.04.28"]
[Round "1"]
[White "Mai, Lloyd"]
[Black "Arsenault, Michel"]
[Result "0-1"]
[WhiteElo "2079"]
[BlackElo "2070"]
[PlyCount "76"]
[EventDate "2006.04.11"]
[EventType "tourn"]
[EventRounds "6"]
[EventCountry "CAN"]

1. e4 c5 2. Nf3 e6 3. d3 d6 4. g3 Nc6 5. Bg2 g6 6. O-O Bg7 7. c3 e5 8. Nfd2 Be6
9. f4 Qd7 10. Nc4 Nge7 11. Ne3 O-O 12. Nd2 d5 13. exd5 Nxd5 14. Ne4 b6 15. Ng5
Nxe3 16. Bxe3 Bd5 17. Bxd5 Qxd5 18. f5 gxf5 19. Rxf5 Ne7 20. Rf2 h6 21. Nh3
Rad8 22. Qh5 Rd6 23. Rd1 f5 24. b3 Rfd8 25. Rg2 a5 26. Rdd2 Qe6 27. Qe2 Nd5 28.
c4 Nb4 29. Nf2 Qd7 30. Kf1 Kh7 31. g4 f4 32. Bxf4 exf4 33. Qe4+ Kh8 34. Qxf4
Rf8 35. Qg3 Rxd3 36. Rxd3 Qxd3+ 37. Qxd3 Nxd3 38. Rg3 Nxf2 0-1

[Event "LEO-ch A"]
[Site "Gatineau CAN"]
[Date "2006.04.11"]
[Round "1"]
[White "Pepin, Christian"]
[Black "Gagnon, Fabien"]
[Result "1/2-1/2"]
[WhiteElo "2054"]
[BlackElo "2015"]
[PlyCount "61"]
[EventDate "2006.04.11"]
[EventType "tourn"]
[EventRounds "6"]
[EventCountry "CAN"]

1. e4 c5 2. c3 g6 3. d4 cxd4 4. Qxd4 Nf6 5. Bg5 Bg7 6. Bc4 O-O 7. Qe3 Nc6 8. h3
Qc7 9. Nd2 Rb8 10. Ne2 b5 11. Bb3 b4 12. O-O Ba6 13. Rfc1 Qa5 14. Nd4 Ne5 15.
Bf4 Rfc8 16. cxb4 Rxc1+ 17. Rxc1 Rxb4 18. Qc3 Nc6 19. Nxc6 dxc6 20. Qxc6 h5 21.
Qa8+ Kh7 22. Qxa7 Nxe4 23. Bc4 Qf5 24. Qxe7 Qxf4 25. Qxb4 Qxf2+ 26. Kh1 Ng3+
27. Kh2 Be5 28. Nf3 Nf1+ 29. Kh1 Ng3+ 30. Kh2 Nf1+ 31. Kh1 1/2-1/2

[Event "LEO-ch A"]
[Site "Gatineau CAN"]
[Date "2006.04.18"]
[Round "2"]
[White "Gagnon, Fabien"]
[Black "Arsenault, Michel"]
[Result "1-0"]
[WhiteElo "2015"]
[BlackElo "2070"]
[PlyCount "61"]
[EventDate "2006.04.11"]
[EventType "tourn"]
[EventRounds "6"]
[EventCountry "CAN"]

1. c4 c5 2. Nf3 Nf6 3. d4 cxd4 4. Nxd4 Nc6 5. Nc3 e5 6. Ndb5 d6 7. e4 a6 8. Na3
Be7 9. Be2 O-O 10. O-O Be6 11. Nc2 Rc8 12. b3 Re8 13. Bb2 Bf8 14. Qd2 Nd7 15.
Rad1 Qa5 16. Ne3 g6 17. Ned5 Bg7 18. Rfe1 Nd4 19. Ba1 Qd8 20. Bf1 f5 21. exf5
gxf5 22. Ne3 Qg5 23. Kh1 Bh6 24. Ne2 Nf6 25. Nxd4 Ne4 26. Nxe6 Rxe6 27. Qe2 Rf8
28. Nd5 Rg6 29. f3 Nd2 30. Bc3 Nxf1 31. Rxf1 1-0

[Event "LEO-ch A"]
[Site "Gatineau CAN"]
[Date "2006.04.18"]
[Round "2"]
[White "Pepin, Christian"]
[Black "Mai, Lloyd"]
[Result "1/2-1/2"]
[WhiteElo "2054"]
[BlackElo "2079"]
[PlyCount "113"]
[EventDate "2006.04.11"]
[EventType "tourn"]
[EventRounds "6"]
[EventCountry "CAN"]

1. e4 c5 2. c3 d5 3. exd5 Qxd5 4. d4 Nf6 5. Nf3 Bg4 6. Nbd2 cxd4 7. Bc4 Qd6 8.
Qb3 Be6 9. Bxe6 Qxe6+ 10. Qxe6 fxe6 11. Nxd4 e5 12. Nb5 Na6 13. Nc4 Nd7 14. Be3
b6 15. b3 g6 16. O-O-O Bg7 17. Rd5 Nf6 18. Rxe5 Ng4 19. Rd5 Nxe3 20. Nxe3 O-O
21. f3 Nc5 22. Kb2 a6 23. Nd4 Rac8 24. Rd1 e5 25. Ne2 e4 26. f4 Nd3+ 27. R1xd3
exd3 28. Rxd3 a5 29. Kc2 b5 30. g3 Rc5 31. h4 Rfc8 32. c4 a4 33. Nc3 axb3+ 34.
axb3 Bf8 35. Rd7 bxc4 36. Nxc4 R5c7 37. Rd3 Ra8 38. Rd5 Ra1 39. h5 Rg1 40. hxg6
hxg6 41. Ne4 Ra7 42. Ne5 Ra2+ 43. Kc3 Bg7 44. Rd8+ Kh7 45. Ng5+ Kh6 46. Kb4
Rxg3 47. Ne4 Rgg2 48. Rd3 Bf8+ 49. Kc4 Rac2+ 50. Kd5 Rc7 51. Ke6 Kg7 52. Ng5
Ra2 53. Kd5 Ra5+ 54. Ke4 Ra6 55. Rh3 Kg8 56. f5 gxf5+ 57. Kxf5 1/2-1/2

[Event "LEO-ch A"]
[Site "Gatineau CAN"]
[Date "2006.05.06"]
[Round "3"]
[White "Arsenault, Michel"]
[Black "Pepin, Christian"]
[Result "0-1"]
[WhiteElo "2070"]
[BlackElo "2054"]
[PlyCount "100"]
[EventDate "2006.04.11"]
[EventType "tourn"]
[EventRounds "6"]
[EventCountry "CAN"]

1. c4 c5 2. g3 g6 3. Bg2 Bg7 4. e3 Nf6 5. Nc3 O-O 6. Nge2 Nc6 7. d4 cxd4 8.
exd4 d6 9. O-O Bf5 10. h3 h5 11. d5 Ne5 12. b3 Bd3 13. Be3 Bf5 14. f4 Bh6 15.
Qd2 Nd3 16. Nd4 Qc8 17. Nxf5 Qxf5 18. Ne2 Nc5 19. Nd4 Qd3 20. Qxd3 Nxd3 21. Rf3
Bg7 22. Rd1 Nc5 23. f5 Nfd7 24. g4 hxg4 25. hxg4 Bxd4 26. Rxd4 Ne5 27. Rh3 f6
28. fxg6 Nxg6 29. b4 Nd7 30. Be4 Nde5 31. Bh6 Rf7 32. Bf5 Rh7 33. Be6+ Kh8 34.
Kg2 a5 35. b5 Nf7 36. Bd2 Rxh3 37. Kxh3 Ng5+ 38. Bxg5 fxg5 39. Re4 b6 40. Re1
Kg7 41. Bf5 Nf4+ 42. Kg3 Ra7 43. Kf3 Rc7 44. Re4 Nd3 45. Ke3 Ne5 46. Rxe5 dxe5
47. Kd3 Kf6 48. Kc3 Kf7 49. Be6+ Ke8 50. Kd3 Kd8 0-1

[Event "LEO-ch A"]
[Site "Gatineau CAN"]
[Date "2006.04.25"]
[Round "3"]
[White "Mai, Lloyd"]
[Black "Gagnon, Fabien"]
[Result "1/2-1/2"]
[WhiteElo "2070"]
[BlackElo "2015"]
[PlyCount "119"]
[EventDate "2006.04.11"]
[EventType "tourn"]
[EventRounds "6"]
[EventCountry "CAN"]

1. e4 c5 2. Nf3 Nc6 3. d4 cxd4 4. Nxd4 g6 5. Be3 Nf6 6. Nc3 Bg7 7. f3 O-O 8.
Bc4 Qb6 9. Qd2 Nxe4 10. Nxe4 Bxd4 11. Bxd4 Qxd4 12. Qxd4 Nxd4 13. O-O-O Nc6 14.
h4 Ne5 15. Be2 d6 16. Nc3 Be6 17. Nd5 Bxd5 18. Rxd5 Rac8 19. g4 Rc7 20. f4 Nd7
21. h5 f5 22. g5 Kg7 23. Rd3 Rfc8 24. c3 Nf8 25. Rdh3 d5 26. Kd2 Rc5 27. Re3 e6
28. Reh3 a5 29. a4 Rd8 30. hxg6 hxg6 31. Ke3 d4+ 32. cxd4 Rc2 33. Rb1 Rd6 34.
Bd3 Rc8 35. Bb5 Rc2 36. Bd3 Rc8 37. Rd1 Rb6 38. Bb5 Rd6 39. Rh2 Kf7 40. Rdd2
Ke7 41. Rc2 Rdd8 42. Rc3 Rxc3+ 43. bxc3 Rc8 44. c4 b6 45. Kd3 Kd6 46. Rh8 Ke7
47. Ba6 Ra8 48. Bb7 Rb8 49. Bf3 Rd8 50. Rh2 Kd6 51. Kc3 Rc8 52. Rb2 Nd7 53. Rh2
Nf8 54. Re2 Nd7 55. Re1 Rd8 56. Rh1 Nf8 57. Rb1 Nd7 58. Rh1 Nf8 59. Rb1 Nd7 60.
Rh1 1/2-1/2

[Event "LEO-ch A"]
[Site "Gatineau CAN"]
[Date "2006.05.02"]
[Round "4"]
[White "Arsenault, Michel"]
[Black "Mai, Lloyd"]
[Result "1-0"]
[WhiteElo "2070"]
[BlackElo "2079"]
[PlyCount "61"]
[EventDate "2006.04.11"]
[EventType "tourn"]
[EventRounds "6"]
[EventCountry "CAN"]

1. c4 Nf6 2. g3 g6 3. Bg2 Bg7 4. Nc3 O-O 5. e4 e5 6. Nge2 Nh5 7. O-O f5 8. exf5
gxf5 9. f4 e4 10. d3 exd3 11. Qxd3 d6 12. Be3 Nc6 13. Rad1 Kh8 14. Rfe1 Bd7 15.
b3 Nb4 16. Qb1 Bc6 17. Nd5 Nxd5 18. cxd5 Bd7 19. Nd4 Nf6 20. Qd3 Ng4 21. Ne6
Bxe6 22. dxe6 Nxe3 23. Rxe3 Qc8 24. Kh1 Rb8 25. e7 Re8 26. Bh3 Qd7 27. Qxf5
Qc6+ 28. Bg2 Qa6 29. Be4 Kg8 30. Qxh7+ Kf7 31. Bd5+ 1-0

[Event "LEO-ch A"]
[Site "Gatineau CAN"]
[Date "2006.05.02"]
[Round "4"]
[White "Gagnon, Fabien"]
[Black "Pepin, Christian"]
[Result "1/2-1/2"]
[WhiteElo "2015"]
[BlackElo "2054"]
[PlyCount "86"]
[EventDate "2006.04.11"]
[EventType "tourn"]
[EventRounds "6"]
[EventCountry "CAN"]

1. c4 c5 2. Nf3 Nc6 3. Nc3 Nf6 4. g3 g6 5. Bg2 Bg7 6. O-O O-O 7. d4 cxd4 8.
Nxd4 Nxd4 9. Qxd4 d6 10. Qd2 Qc7 11. b3 Bd7 12. Bb2 Bc6 13. e4 Rfe8 14. f4 a5
15. Nd5 Nxd5 16. cxd5 Bxb2 17. Qxb2 Bd7 18. f5 Rac8 19. fxg6 hxg6 20. Qd2 Kg7
21. Rac1 Qb6+ 22. Qf2 Qxf2+ 23. Kxf2 Rxc1 24. Rxc1 Rc8 25. Rxc8 Bxc8 26. Bf1
Kf6 27. Bb5 Ke5 28. Ke3 g5 29. h4 gxh4 30. gxh4 Bg4 31. Bd3 Bh5 32. a3 Bd1 33.
b4 axb4 34. axb4 Bh5 35. Bc2 Bg6 36. Bd3 e6 37. dxe6 fxe6 38. Bc4 Bh5 39. Bf1
b6 40. Bd3 Bg6 41. Bc4 Bh5 42. Bf1 Bg6 43. Bc4 Bh5 1/2-1/2

[Event "LEO-ch A"]
[Site "Gatineau CAN"]
[Date "2006.05.09"]
[Round "5"]
[White "Arsenault, Michel"]
[Black "Gagnon, Fabien"]
[Result "1-0"]
[WhiteElo "2070"]
[BlackElo "2015"]
[PlyCount "83"]
[EventDate "2006.04.11"]
[EventType "tourn"]
[EventRounds "6"]
[EventCountry "CAN"]

1. c4 g6 2. g3 Bg7 3. Bg2 c5 4. e3 Nc6 5. Ne2 e5 6. Nbc3 Nge7 7. O-O O-O 8. d3
d6 9. Rb1 Rb8 10. a3 a5 11. b3 Be6 12. Nd5 b5 13. Bb2 b4 14. a4 Qd7 15. d4 Rfd8
16. Nxe7+ Nxe7 17. d5 Bh3 18. e4 Bxg2 19. Kxg2 f5 20. f3 Rf8 21. Ng1 Rf7 22.
Qe2 Rbf8 23. Nh3 h6 24. Nf2 g5 25. Rbe1 Bf6 26. Nd3 Rg7 27. Bc1 Qe8 28. Be3 Qg6
29. Bxc5 dxc5 30. Nxc5 Rc8 31. Ne6 Rf7 32. g4 f4 33. h3 Ra8 34. c5 Nc8 35. Rc1
Be7 36. Qb5 Bf8 37. Rfd1 Qf6 38. Nxf8 Rxf8 39. d6 Rd8 40. d7 Qe7 41. c6 Na7 42.
Qd5+ 1-0

[Event "LEO-ch A"]
[Site "Gatineau CAN"]
[Date "2006.05.09"]
[Round "5"]
[White "Mai, Lloyd"]
[Black "Pepin, Christian"]
[Result "0-1"]
[WhiteElo "2079"]
[BlackElo "2054"]
[PlyCount "66"]
[EventDate "2006.04.11"]
[EventType "tourn"]
[EventRounds "6"]
[EventCountry "CAN"]

1. e4 c6 2. d3 d5 3. Nd2 e5 4. Ngf3 Bd6 5. g3 Nf6 6. Bg2 O-O 7. O-O h6 8. Nh4
Bg4 9. f3 Bh5 10. Nf5 Bg6 11. Nxd6 Qxd6 12. Qe2 Qc5+ 13. Kh1 Qxc2 14. f4 dxe4
15. dxe4 exf4 16. gxf4 Re8 17. f5 Bh5 18. Qf2 Nbd7 19. Qg3 Kh7 20. Rg1 Rg8 21.
e5 Ng4 22. e6 Ndf6 23. h3 Qd3 24. Nf3 Ne4 25. Ng5+ hxg5 26. Bxe4 Qxe4+ 27. Rg2
Nh6 28. exf7 Bxf7 29. Qxg5 Bd5 30. Qg6+ Kh8 31. Bxh6 Qxg2+ 32. Qxg2 Bxg2+ 33.
Kxg2 gxh6+ 0-1

[Event "LEO-ch A"]
[Site "Gatineau CAN"]
[Date "2006.05.13"]
[Round "6"]
[White "Gagnon, Fabien"]
[Black "Mai, Lloyd"]
[Result "1/2-1/2"]
[WhiteElo "2015"]
[BlackElo "2079"]
[PlyCount "111"]
[EventDate "2006.04.11"]
[EventType "tourn"]
[EventRounds "6"]
[EventCountry "CAN"]

1. e4 c5 2. Nf3 d6 3. d4 cxd4 4. Nxd4 Nf6 5. Nc3 g6 6. Be3 Bg7 7. f3 Nc6 8. Qd2
O-O 9. O-O-O d5 10. Nxc6 bxc6 11. Bh6 Bxh6 12. Qxh6 e5 13. h4 d4 14. h5 Be6 15.
Qg5 Nd7 16. Qh6 g5 17. Ne2 Qe7 18. f4 f6 19. fxg5 fxg5 20. Ng3 Qf6 21. Qxf6
Rxf6 22. Bd3 Nc5 23. Rhf1 Nxd3+ 24. cxd3 Raf8 25. Rxf6 Rxf6 26. b3 Bg4 27. Rd2
Kf7 28. Rc2 Ke7 29. Rc5 Kd6 30. Ra5 Rf7 31. a4 Rb7 32. Kc2 Be6 33. Nf5+ Bxf5
34. exf5 g4 35. h6 Rf7 36. b4 g3 37. Kb3 Rf6 38. Rxa7 Rxh6 39. Rg7 Rf6 40. Rxh7
Rxf5 41. Rg7 Kd5 42. Rxg3 e4 43. dxe4+ Kxe4 44. a5 c5 45. bxc5 Rxc5 46. Kb4 Rc2
47. a6 d3 48. Rg7 Ra2 49. a7 d2 50. Rd7 Rxa7 51. Rxd2 Kf4 52. Rd8 Rg7 53. Rd2
Kg3 54. Kc5 Rg4 55. Kd5 Kh2 56. Ke5 1/2-1/2

[Event "LEO-ch A"]
[Site "Gatineau CAN"]
[Date "2006.05.13"]
[Round "6"]
[White "Pepin, Christian"]
[Black "Arsenault, Michel"]
[Result "1/2-1/2"]
[WhiteElo "2054"]
[BlackElo "2070"]
[PlyCount "73"]
[EventDate "2006.04.11"]
[EventType "tourn"]
[EventRounds "6"]
[EventCountry "CAN"]

1. e4 c5 2. Nf3 e6 3. c3 Nf6 4. e5 Nd5 5. Bc4 Nb6 6. Bb3 d6 7. exd6 Nc6 8. d4
cxd4 9. Nxd4 Qxd6 10. Be3 Be7 11. Na3 Nd7 12. Nab5 Qe5 13. Qe2 a6 14. Nxc6 bxc6
15. Nd4 Bb7 16. Rd1 Nf6 17. Nf3 Qc7 18. O-O O-O 19. Bg5 c5 20. Rfe1 Bd6 21. Bc2
Bxf3 22. Qxf3 Bxh2+ 23. Kh1 Be5 24. Qe2 Bf4 25. Bxf6 gxf6 26. Qh5 f5 27. Rd3
Kg7 28. g3 Be5 29. Red1 Bf6 30. g4 Qc6+ 31. Kg1 Rg8 32. Kf1 Kf8 33. gxf5 Qg2+
34. Ke2 Qe4+ 35. Kf1 Qg2+ 36. Ke2 Qe4+ 37. Kf1 1/2-1/2

[Event "LEO-ch B"]
[Site "Gatineau CAN"]
[Date "2006.04.11"]
[Round "1"]
[White "Dupont, Claude"]
[Black "Libersan, Mattieu"]
[Result "0-1"]
[WhiteElo "1432"]
[BlackElo "1871"]
[PlyCount "58"]
[EventDate "2006.04.11"]
[EventType "swiss"]
[EventRounds "5"]
[EventCountry "CAN"]

1. e4 e5 2. Nf3 f5 3. exf5 e4 4. Qe2 d5 5. d3 Nf6 6. Nc3 Bb4 7. Bd2 Bxc3 8.
Bxc3 Bxf5 9. h3 O-O 10. Nd4 exd3 11. Qd2 Re8+ 12. Kd1 Ne4 13. Qf4 dxc2+ 14.
Nxc2 Nxc3+ 15. bxc3 Qf6 16. Nd4 Bc2+ 17. Kxc2 Qxf4 18. f3 c5 19. Nb3 Qe3 20.
Bb5 Qf2+ 21. Nd2 Nc6 22. g4 a6 23. Raf1 Qe3 24. Bxc6 bxc6 25. h4 d4 26. cxd4
cxd4 27. h5 Qc3+ 28. Kd1 d3 29. Ne4 Qc2+ 0-1

[Event "LEO-ch B"]
[Site "Gatineau CAN"]
[Date "2006.04.11"]
[Round "1"]
[White "Kennedy, Phillip"]
[Black "Lacourse, Guy"]
[Result "0-1"]
[WhiteElo "1332"]
[BlackElo "1684"]
[PlyCount "96"]
[EventDate "2006.04.11"]
[EventType "swiss"]
[EventRounds "5"]
[EventCountry "CAN"]

1. Nf3 Nf6 2. g3 g6 3. Bg2 Bg7 4. O-O O-O 5. d3 d6 6. Nbd2 e5 7. e4 c6 8. b3
Na6 9. Ba3 Nc7 10. c4 c5 11. b4 cxb4 12. Bxb4 a5 13. Bc3 b5 14. a3 h6 15. Qc2
Nh5 16. Nb3 Be6 17. Bxa5 bxc4 18. dxc4 Qd7 19. Bb4 Na6 20. Rfd1 Nxb4 21. axb4
Qb7 22. b5 Qc7 23. Bf1 Rfb8 24. Qd3 Bf8 25. Nbd2 Nf6 26. Rdc1 Nd7 27. Nh4 Be7
28. Ndf3 Nc5 29. Qe3 Kg7 30. Rab1 Ra2 31. Nd2 Bg5 32. f4 exf4 33. Qc3+ Bf6 34.
Qb4 Qb6 35. Kh1 fxg3 36. hxg3 Ra4 37. Qxa4 Nxa4 38. Rb3 Qf2 39. Rd1 Bxh4 40.
gxh4 Bg4 41. Bg2 Bxd1 42. Rd3 Qxh4+ 43. Kg1 Qe1+ 44. Kh2 Nc5 45. Rxd6 Ne6 46.
b6 Nf4 47. Nf1 Qh4+ 48. Kg1 Ne2# 0-1

[Event "LEO-ch B"]
[Site "Gatineau CAN"]
[Date "2006.04.11"]
[Round "1"]
[White "Laurin, Marcel"]
[Black "Baril Boudreau, Felix"]
[Result "1/2-1/2"]
[WhiteElo "1720"]
[BlackElo "1361"]
[PlyCount "39"]
[EventDate "2006.04.11"]
[EventType "swiss"]
[EventRounds "5"]
[EventCountry "CAN"]

1. d4 Nf6 2. c4 g6 3. Nc3 d5 4. cxd5 Nxd5 5. e4 Nxc3 6. bxc3 Bg7 7. Nf3 c5 8.
Be3 O-O 9. Qd2 Qa5 10. Be2 Rd8 11. O-O Nd7 12. Qc2 b6 13. Rfb1 Ba6 14. c4 cxd4
15. Bxd4 Bxd4 16. Nxd4 Qc5 17. Rd1 Ne5 18. Nb3 Qc6 19. Nd4 Qc5 20. Nb3 1/2-1/2

[Event "LEO-ch B"]
[Site "Gatineau CAN"]
[Date "2006.04.11"]
[Round "1"]
[White "Maisonneuve, Paul"]
[Black "Lamothe, Luc"]
[Result "1-0"]
[WhiteElo "1542"]
[BlackElo "1212"]
[PlyCount "39"]
[EventDate "2006.04.11"]
[EventType "swiss"]
[EventRounds "5"]
[EventCountry "CAN"]

1. d4 Nf6 2. Bf4 g6 3. e3 Bg7 4. Nd2 d5 5. Ngf3 O-O 6. Be2 Bf5 7. O-O Nbd7 8.
c4 e6 9. cxd5 exd5 10. Rc1 c6 11. b4 a6 12. a4 Qe7 13. Qb3 Rfe8 14. b5 axb5 15.
axb5 Rac8 16. bxc6 bxc6 17. Qb7 c5 18. dxc5 Rxc5 19. Nb3 Rcc8 20. Rxc8 1-0

[Event "LEO-ch B"]
[Site "Gatineau CAN"]
[Date "2006.04.18"]
[Round "2"]
[White "Baril Boudreau, Felix"]
[Black "Levesque, Andre"]
[Result "1-0"]
[WhiteElo "1361"]
[BlackElo "1384"]
[PlyCount "91"]
[EventDate "2006.04.11"]
[EventType "swiss"]
[EventRounds "5"]
[EventCountry "CAN"]

1. d4 f5 2. Bg5 h6 3. Bh4 g5 4. e3 Nf6 5. Bg3 d6 6. Be2 Be6 7. c4 c6 8. Nc3
Nbd7 9. Qc2 Qc7 10. Bd3 Nb6 11. c5 Nbd5 12. Bxf5 Bxf5 13. Qxf5 Nxc3 14. cxd6
Qd7 15. Qg6+ Kd8 16. dxe7+ Qxe7 17. bxc3 Rg8 18. Qf5 Ne4 19. Ne2 Bg7 20. O-O
Rf8 21. Qa5+ b6 22. Qa4 Nxg3 23. Nxg3 Rc8 24. Rfd1 Rc7 25. d5 cxd5 26. Rxd5+
Kc8 27. Ne4 Rd7 28. Rad1 Rxd5 29. Rxd5 Rd8 30. Qc6+ Kb8 31. Nd6 Bf6 32. a4 Qc7
33. Qxc7+ Kxc7 34. Nb5+ Kc6 35. Rxd8 Bxd8 36. Nxa7+ Kc5 37. Kf1 Kc4 38. Nb5 Bf6
39. Ke2 Bxc3 40. Nxc3 Kxc3 41. f4 Kb4 42. f5 Kxa4 43. f6 b5 44. f7 b4 45. f8=Q
b3 46. Kd2 1-0

[Event "LEO-ch B"]
[Site "Gatineau CAN"]
[Date "2006.04.18"]
[Round "2"]
[White "Berthiaume, Maxime"]
[Black "Berthiaume, Serge"]
[Result "0-1"]
[WhiteElo "866"]
[BlackElo "1234"]
[PlyCount "117"]
[EventDate "2006.04.11"]
[EventType "swiss"]
[EventRounds "5"]
[EventCountry "CAN"]

1. e4 c6 2. d4 d5 3. e5 e6 4. Bd3 Nd7 5. Nf3 c5 6. Be3 Qc7 7. O-O cxd4 8. Bxd4
f6 9. Qe1 Qd8 10. exf6 Ndxf6 11. Bf5 Bd6 12. Bxe6 Bxe6 13. Qxe6+ Ne7 14. Bxf6
gxf6 15. Qxf6 Rf8 16. Qg7 Rf7 17. Qh8+ Rf8 18. Qxh7 Qb6 19. Nc3 O-O-O 20. Rad1
Qxb2 21. Rd3 Qxc2 22. Rfd1 Bb4 23. Nxd5 Nxd5 24. a3 Bxa3 25. h3 Nf6 26. Qf5+
Nd7 27. R1d2 Rxf5 28. Rxc2+ Kb8 29. Rxa3 Rd5 30. Rd2 Rxd2 31. Nxd2 b5 32. Rb3
a6 33. Rb4 Kb7 34. Nb3 Kb6 35. Nd4 Rc8 36. g4 a5 37. Rb3 b4 38. g5 Kc5 39. Rd3
Kc4 40. Rd2 a4 41. Rc2+ Kxd4 42. Rxc8 b3 43. Rd8 b2 44. Rxd7+ Kc3 45. Rd1 Kc2
46. Re1 a3 47. Re2+ Kd1 48. Kf1 b1=Q 49. Re1+ Kc2 50. Rxb1 Kxb1 51. g6 a2 52.
g7 a1=Q 53. g8=Q Kc2+ 54. Kg2 Qa6 55. Qg5 Kd1 56. Qd5+ Ke1 57. Kg3 Qg6+ 58. Kf3
Kf1 59. Qd1# 0-1

[Event "LEO-ch B"]
[Site "Gatineau CAN"]
[Date "2006.04.18"]
[Round "2"]
[White "Coulombe, Simon"]
[Black "Berthiaume, Patrick"]
[Result "1-0"]
[WhiteElo "1318"]
[BlackElo "956"]
[PlyCount "47"]
[EventDate "2006.04.11"]
[EventType "swiss"]
[EventRounds "5"]
[EventCountry "CAN"]

1. d4 d5 2. c4 Nf6 3. cxd5 Nxd5 4. e4 Nf6 5. Bd3 e6 6. Nf3 Nc6 7. O-O Nxd4 8.
Nxd4 Qxd4 9. Bb5+ c6 10. Qxd4 cxb5 11. Rd1 a6 12. Bh6 Bd7 13. Bg5 Be7 14. Nc3
O-O 15. e5 h6 16. exf6 Bxf6 17. Bxf6 gxf6 18. Ne4 Bc6 19. Nxf6+ Kg7 20. Nd7+
Kg8 21. b4 Bxg2 22. Kxg2 f6 23. Rd3 e5 24. Qg4+ 1-0

[Event "LEO-ch B"]
[Site "Gatineau CAN"]
[Date "2006.04.18"]
[Round "2"]
[White "Guimond, Michel"]
[Black "Maisonneuve, Paul"]
[Result "1/2-1/2"]
[WhiteElo "1805"]
[BlackElo "1542"]
[PlyCount "104"]
[EventDate "2006.04.11"]
[EventType "swiss"]
[EventRounds "5"]
[EventCountry "CAN"]

1. c4 Nf6 2. Nc3 g6 3. e4 d6 4. g3 Bg7 5. Bg2 O-O 6. Nge2 c5 7. d3 Nc6 8. O-O
Bd7 9. h3 a6 10. Be3 Rb8 11. Qd2 b5 12. cxb5 axb5 13. Bh6 b4 14. Nd1 Qc8 15.
Kh2 Ne5 16. Bxg7 Kxg7 17. f4 Nc6 18. Ne3 Qa6 19. g4 e5 20. Ng3 Rbe8 21. fxe5
Rxe5 22. Rxf6 Kxf6 23. Nc4 Re6 24. Nf5 gxf5 25. exf5 Ne5 26. fxe6 Bxe6 27. Qf4+
Ke7 28. Nxe5 dxe5 29. Qxe5 Qd6 30. Qxd6+ Kxd6 31. a4 bxa3 32. bxa3 Bd5 33. a4
Bxg2 34. Kxg2 Kc6 35. a5 Kb7 36. Rc1 Rc8 37. d4 c4 38. Kf2 Ka6 39. Ra1 Rd8 40.
Ke3 Rd5 41. Ke4 Rxa5 42. Rxa5+ Kxa5 43. d5 Kb5 44. Kd4 c3 45. Kxc3 Kc5 46. d6
Kxd6 47. Kd4 Ke6 48. Ke4 Kf6 49. h4 Kg6 50. Kf4 h5 51. gxh5+ Kxh5 52. Kf5 Kxh4
1/2-1/2